000 00666nam a22001577a 4500
008 110911t2004 xxu||||g |||| 00| 0 ara d
020 _a97729329368
082 _222
_a152.14
_bم ك ا
100 _927097
_aأبو المكارم ،فؤاد
245 _aأسس الإدراك البصرى للحركة/
_cفؤاد أبو المكارم
260 _aالقاهرة:
_bمكتبة الدار العربية للكتاب،2004.
_c2004.
300 _a340ص،
_c24سم.
650 _927098
_aالادراك البصرى
942 _2ddc
_cBB
999 _c15985
_d15985